|
|
|
|
| LEADER |
01534nam a2200397Ia 4500 |
| 001 |
EBC3138439 |
| 003 |
MiAaPQ |
| 005 |
20200520144314.0 |
| 006 |
m o d | |
| 007 |
cr cn||||||||| |
| 008 |
120917s2013 nyu sb 001 0 eng d |
| 010 |
|
|
|z 2012038085
|
| 020 |
|
|
|z 9780801451522 (cloth : alk. paper)
|
| 020 |
|
|
|z 9780801467554
|
| 020 |
|
|
|z 9780801478284 (pbk. : alk. paper)
|
| 035 |
|
|
|a (MiAaPQ)EBC3138439
|
| 035 |
|
|
|a (Au-PeEL)EBL3138439
|
| 035 |
|
|
|a (CaPaEBR)ebr10666307
|
| 035 |
|
|
|a (CaONFJC)MIL681641
|
| 035 |
|
|
|a (OCoLC)922998374
|
| 040 |
|
|
|a MiAaPQ
|c MiAaPQ
|d MiAaPQ
|
| 050 |
|
4 |
|a HD7288.78.U5
|b G64 2013
|
| 082 |
0 |
4 |
|a 363.5/5610973
|2 23
|
| 100 |
1 |
|
|a Goetz, Edward G.
|q (Edward Glenn),
|d 1957-
|
| 245 |
1 |
0 |
|a New Deal ruins
|h [electronic resource] :
|b race, economic justice, and public housing policy /
|c Edward G. Goetz.
|
| 260 |
|
|
|a Ithaca :
|b Cornell University Press,
|c 2013.
|
| 300 |
|
|
|a xiii, 239 p.
|
| 504 |
|
|
|a Includes bibliographical references and index.
|
| 533 |
|
|
|a Electronic reproduction. Ann Arbor, MI : ProQuest, 2015. Available via World Wide Web. Access may be limited to ProQuest affiliated libraries.
|
| 650 |
|
0 |
|a Public housing
|x Government policy
|z United States.
|
| 650 |
|
0 |
|a Housing policy
|z United States.
|
| 650 |
|
0 |
|a Relocation (Housing)
|z United States.
|
| 650 |
|
0 |
|a Urban policy
|z United States.
|
| 655 |
|
4 |
|a Electronic books.
|
| 710 |
2 |
|
|a ProQuest (Firm)
|
| 856 |
4 |
0 |
|u https://ebookcentral.proquest.com/lib/matrademy/detail.action?docID=3138439
|z Click to View
|